| 000 | 00859nam a2200289 a 4500 | ||
|---|---|---|---|
| 001 | ASIN1588263304 | ||
| 005 | 20170105102846.0 | ||
| 008 | 130815s2005 xxu eng d | ||
| 020 |
_a1588263304 (paperback) _c$23.50 |
||
| 020 | _a9781588263308 (paperback) | ||
| 040 | _a0 | ||
| 050 | 0 | 4 | _aD860 |
| 082 | 0 | 4 | _a909.829 |
| 245 | 1 | 0 |
_aIntroducing global issues / _cMichael T. Snarr, D. Neil Snarr, Neil Snarr. |
| 250 | _a3rd ed. | ||
| 260 |
_a[S.l.] : _bLynne Rienner Pub, _c2005. |
||
| 300 |
_a349 p. ; _c24 cm. |
||
| 650 | 0 | _aEcology | |
| 650 | 0 | _aInternational economic relations | |
| 650 | 0 | _aSocial history | |
| 650 | 0 | _aWorld politics | |
| 700 | 1 | _aSnarr, D. Neil. | |
| 700 | 1 | _aSnarr, Michael T. | |
| 700 | 1 | _aSnarr, Neil. | |
| 856 | 4 | 0 |
_3Amazon.com _uhttp://www.amazon.com/exec/obidos/ASIN/1588263304/chopaconline-20 |
| 942 |
_2ddc _cBK |
||
| 999 |
_c14051 _d14051 |
||